Review on Cloud Computing Security Challenges
Bezpečnostné problémy spojené s cloud computingom. Typy cloudových a servisných modelov. Cloud computing charakterizovaný ako webová softvérová služba, z dôvodu zdrojov informačných technológií, ako sú sieť, server, úložisko a ďalšie, ktoré sú založené na webe.
Gespeichert in:
| 1. Verfasser: | |
|---|---|
| Weitere Verfasser: | , |
| Format: | Buchkapitel |
| Sprache: | Englisch |
| Schlagworte: | |
| Tags: |
Keine Tags, Fügen Sie das erste Tag hinzu!
|
MARC
| LEADER | 00000naa a2200000 4500 | ||
|---|---|---|---|
| 001 | 0263491 | ||
| 005 | 20200513172107.6 | ||
| 041 | 0 | |a eng | |
| 044 | |a PT | ||
| 245 | 1 | 0 | |a Review on Cloud Computing Security Challenges |c Evans Osei-Opoku, Rym Regaieg, Mohamed Koubaa |
| 520 | |a Bezpečnostné problémy spojené s cloud computingom. Typy cloudových a servisných modelov. Cloud computing charakterizovaný ako webová softvérová služba, z dôvodu zdrojov informačných technológií, ako sú sieť, server, úložisko a ďalšie, ktoré sú založené na webe. | ||
| 610 | 2 | 0 | |a údaje osobné |
| 610 | 2 | 0 | |a ochrana dát |
| 610 | 2 | 0 | |a cloud computing |
| 610 | 2 | 0 | |a bezpečnosť |
| 100 | 1 | |a Osei-Opoku, Evans | |
| 700 | 1 | |a Regaieg, Rym | |
| 700 | 1 | |a Koubaa, Mohamed | |